LEADER 02125nam a2200337 u 4500 001 000000018316 003 CaOOAMICUS 005 20070226110648.0 008 941229s1912 gw u000 u ger u 035 $a10433050 040 $aBAV$bita$dIPA$dPUL(R) 041 0 $ager$alat 100 1 $aKrebs, Engelbert Gustav Hans,$d1881-$0(OLS)http://pul/name/13912 245 10$aTheologie und Wissenschaft nach der Lehre der Hochscholastik :$ban der Hand der bisher ungedruckten Defensa doctrinae d. Thomae des Hervaeus Natalis, mit Beifügung gedruckter und ungedruckter Paralleltexte /$cvon Engelbert Krebs. 260 $aMünster i. W. :$bAschendorff,$c1912. 300 $ax, 76, 114 p. ;$c24 cm 490 1 $aBeiträge zur Geschichte der Philosophie des Mittelalters.$aTexte und Untersuchungen ;$vBd. 11, Hft. 3-4 500 $a"Die textliche Grundlage unserer Studie bildet ein Exzerpt aus des Hervaeus Schrift 'Defensa doctrinae d. Thomae', wie sie im Cod. Vat. lat. 817 enthalten" -- p. 2. 504 $a"Verzeichnis der zitierten Hochscholastiker": p. 5-13. 505 0 $aTeil 1. Darstellung -- Teil 2. Magistri Hervaei Natalis Defensa doctrinae d. Thomae. 600 04$aThomas Aquinas,$cs.,$dc. 1225-1274.$0(OLS)http://pul/subject/448 650 4$aFilosofia medievale.$0(OLS)http://pul/subject/139 700 0 $aHervaeus Natalis,$dm. 1323.$0(OLS)http://pul/name/16335 830 0$aBeiträge zur Geschichte der Philosophie des Mittelalters.$pTexte und Untersuchungen ;$vBd. 11, Hft. 3-4.$0(OLS)http://pul/title/1793 850 $aPUL 852 $aPUL$W1$xDP2 Religione 2$y113$mTheol A2 11$j24869$nBK-PRI$qStampati altre collocazioni$B25796$CPULBib$Z2$F25796 $82 941 1 $a10 960 $aTommaso d'Aquino,$cs.,$d1225-1274$9448 960 $aFilosofia medioevale$9139 996 $6245$aTheologie und Wissenschaft nach der Lehre der Hochscholastik :$ban der Hand der bisher ungedruckten Defensa doctrinae d. Thomae des Hervaeus Natalis, mit Beifügung gedruckter und ungedruckter Paralleltexte$9(OLS)http://pul/title/26118 996 $6260$aMünster i. W. :$bAschendorff$9(OLS)http://pul/publisher/48608 LEADER 01126nam a2200265 a 4500 001 000000147661 003 CaOOAMICUS 005 20151125122707.0 008 151125s1964 it u000 u ita r 032 $aLibriCat 040 $aPUL$bita 100 1 $aBeschin, Giuseppe.$0(OLS)http://pul/name/7888 245 13$aIl tempo e la libertà in L. Lavelle /$cGiuseppe Beschin. 260 $aMilano :$bMarzorati,$c1964. 300 $a174 p. ;$c22 cm. 490 1 $aPubblicazioni dell'Istituto di filosofia dell'Università di Genova ;$v31 504 $aBibliografia p. [173]-174. 600 14$aLavelle, Louis,$d1883-1951$xFilosofia.$0(OLS)http://pul/subject/22242 830 0$aPubblicazioni dell'Istituto di filosofia dell'Università di Genova ;$v31.$0(OLS)http://pul/title/7908 850 $aPUL 852 $aPUL$W1$xDP1 Fondo Bordoni$y120$m2 A 48$j155970$qFondi$B171463$CPULBib$Z2$F171463 $HBor1005 $81 941 1 $a1 996 $6245$aIl tempo e la libertà in L. Lavelle$9(OLS)http://pul/title/186349 996 $6260$aMilano :$bMarzorati$9(OLS)http://pul/publisher/49236